000 00399 a2200121 4500
020 _a0138535086 :
082 _a624.171 WEA
100 _aWeaver, William,
245 _aStructural dynamics by finite elements /
_cWilliam Weaver, Jr., Paul R. Johnston.
260 _aEnglewood Cliffs, N.J. :
_bPrentice-Hall,
_c1987.
300 _axii, 591 p. :
_bill. ;
_c24 cm.
650 _aStructural dynamics.
650 _aFinite element method.
999 _c1217
_d1217